MASONRY DESIGN AND DESIGN (Record no. 33092)

MARC details
000 -LEADER
fixed length control field 00486nam a22001817a 4500
005 - DATE AND TIME OF LATEST TRANSACTION
control field 20230905190721.0
008 - FIXED-LENGTH DATA ELEMENTS--GENERAL INFORMATION
fixed length control field 230720b |||||||| |||| 00| 0 eng d
020 ## - INTERNATIONAL STANDARD BOOK NUMBER
ISBN 9780070043121
082 ## - DEWEY DECIMAL CLASSIFICATION NUMBER
Classification number 693.1
Item number BEA-M
100 ## - MAIN ENTRY--AUTHOR
Author Name BEAL, CHRISTINE
245 ## - TITLE STATEMENT
Title MASONRY DESIGN AND DESIGN
Remainder of title FOR ARCHITECTS, ENGINEERS, AND CONTRACTORS
260 ## - PUBLICATION, DISTRIBUTION, ETC.
Place of Publication USA
Name of publisher, distributor, etc. McGraw Hill
Date of publication, distribution, etc. 1993
300 ## - PHYSICAL DESCRIPTION
Pages 536
500 ## - GENERAL NOTE
General note include index
650 ## - SUBJECT ADDED ENTRY--TOPICAL TERM
Subject / Department Architecture
700 ## - ADDED ENTRY--PERSONAL NAME
Personal name CHRISTINE BEALL
952 ## - LOCATION AND ITEM INFORMATION (KOHA)
-- 0
-- 0
Holdings
Lost status Damaged status Permanent Location Current Location Shelving Location Date acquired Full Call Number Accession No./Barcode Date last seen item type
    Superior Information Resource Center (SIRC) Superior University- Main Campus Superior Information Resource Center (SIRC) Superior University- Main Campus Architecture 07/20/2023 693.1 BEA-M 1993 20225 07/20/2023 BOOK

Powered by Koha